Finite mathematics with calculus

Αποθηκεύτηκε σε:
Λεπτομέρειες βιβλιογραφικής εγγραφής
Κύριος συγγραφέας: Zitarelli, David E.
Άλλοι συγγραφείς: Coughlin, Raymond F.
Μορφή: Βιβλίο
Γλώσσα:English
Δημοσίευση: Forth Worth : Saunders College Publishing, c1992
Έκδοση:2nd ed.
Θέματα:
Ετικέτες: Προσθήκη ετικέτας
Δεν υπάρχουν, Καταχωρήστε ετικέτα πρώτοι!

MARC

LEADER 00000nam a2200000 i 4500
001 1/105919
008 000329s1992 eng d
020 |a 0-03-055864-6 
035 |l 10059433 
040 |a GR-MY-UA  |b gre  |e aacr 
041 0 |a eng 
082 0 |a 515 
100 1 |a Zitarelli, David E. 
245 1 0 |a Finite mathematics with calculus /  |c David E. Zitarelli, Raymond F. Coughlin 
250 |a 2nd ed. 
260 |a Forth Worth :   |b Saunders College Publishing,   |c c1992 
300 |a xxiv, 557, 79, 5 p.;  |b ill. (some col.);  |c 25 cm. 
504 |a Includes bibliographical references and index 
650 0 0 |a Mathematics. 
700 1 |a Coughlin, Raymond F. 
852 |a INST  |b SAMOS  |e 20000329  |h 510 ZIT  |p 005300017815  |q 005300017815  |t BK  |y 0 
901 |a BIBL3-2000-1 
909 |a Σ  |b 076935 
922 |a 3ΕΛΗ  |b 200003  |c ΚΠΣ  |d ΠΑΠΑΣΩΤΗΡΙΟΥ 
950 |a 116-2000-01-10 
970 |a ΚΟΣΙΕΡΗΣ  |b ΧΡΗΣΤΟΣ  |z 2000/04/17